000 00822nam a2200217Ia 4500
003 PE SENCICO BE
005 20251020182431.0
008 200515s9999 xx 000 0 und d
040 _aPE SENCICO BE
_cPE SENCICO BE
041 _aspa
082 _a745.4
_bP33
100 1 _aPaz Chávez, Carlos E.
_92591
_eautor
245 1 0 _aHabitando el diseño :
_bprincipios de diseño para aprendices universitarios /
_cCarlos E. Paz Chávez
250 _a1a ed.
260 _aLima :
_bsin editorial ;
_c2000
300 _a140 p. :
_bil., tbl., graf. ;
_c29 cm.
505 0 _aConceptos básicos -- Comunicando en el diseño -- Repetición y totalidad -- Generatriz y vínculo -- Informándonos para diseñar -- La envoltura espacial
650 1 0 _aDiseño
_9965
650 2 0 _aComunicación en diseño
_9967
942 _cLIB
_2ddc
999 _c257
_d257